LIBRARY & INFORMATION CENTRE, KCAET, TAVANUR

ONLINE PUBLIC ACCESS CATALOGUE (OPAC)

EVALUATION OF OHMIC HEATING SYSTEM FOR PRESERVATION OF PASSION FRUIT PULP (Record no. 17603)

MARC details
000 -LEADER
fixed length control field 00469nam a22001337a 4500
003 - CONTROL NUMBER IDENTIFIER
control field OSt
082 ## - DEWEY DECIMAL CLASSIFICATION NUMBER
Classification number 631
088 ## - REPORT NUMBER
Report number P545
100 ## - MAIN ENTRY--AUTHOR NAME
Personal name ASWIN, DILEEPKUMAR
-- MOHAMMED THASREEF, P. K
-- FATHIMA THANSEEKA, K
-- HANNA, K
-- SUDHAKAR, GUPTA
245 ## - TITLE STATEMENT
Title EVALUATION OF OHMIC HEATING SYSTEM FOR PRESERVATION OF PASSION FRUIT PULP
260 ## - PUBLICATION, DISTRIBUTION, ETC. (IMPRINT)
Place of publication Thavanur
Year of publication 2022
700 ## - ADDED ENTRY--PERSONAL NAME
Personal name Dr Prince M V
942 ## - ADDED ENTRY ELEMENTS (KOHA)
Koha item type Project Report
260 ## - PUBLICATION, DISTRIBUTION, ETC. (IMPRINT)
-- Kelappaji College of Agricultural Engineering and Technology
Holdings
Collection code Home library Current library Shelving location Full call number Accession Number Koha item type
Reference KAUAET KAUAET Reference1 631 P545 Project Report
free website counter